[Event "Heusenstamm Schloss op"]
[Site "Heusenstamm"]
[Date "2023.11.26"]
[Round "7"]
[White "Hildebrandt, Paul"]
[Black "Strache, Rolf"]
[Result "1-0"]
[WhiteElo "1479"]
[BlackElo "1557"]
[PlyCount "49"]
[EventDate "2023.11.23"]
[EventType "swiss"]
[EventRounds "7"]
[EventCountry "GER"]
[SourceTitle "CB50_2023"]
[SourceDate "2023.12.13"]
[SourceVersion "1"]
[SourceVersionDate "2023.12.13"]
[SourceQuality "1"]

1. Nf3 d5 2. b3 Nf6 3. Bb2 e6 4. e3 c5 5. c4 Be7 6. Be2 0-0 7. d4 cxd4 8. exd4 dxc4 9. bxc4 Qb6 10. Qb3 Qc7 11. 0-0 Nc6 12. h3 Rd8 13. Nbd2 a5 14. a3 Bd7 15. Qd3 a4 16. Rab1 Bc8 17. Ne4 h6 18. d5 Nh5 19. Bd1 Nf4 20. Qc3 Bf8 21. Nf6+ Kh8 22. Re1 Qa5 23. dxc6 Qg5 24. Ng4 Ra5 25. Nxg5 1-0

[Event "Heusenstamm Schloss op"]
[Site "Heusenstamm"]
[Date "2023.11.23"]
[Round "1"]
[White "Wachsmann, Elmar"]
[Black "Strache, Rolf"]
[Result "1-0"]
[WhiteElo "1908"]
[BlackElo "1557"]
[PlyCount "99"]
[EventDate "2023.11.23"]
[EventType "swiss"]
[EventRounds "7"]
[EventCountry "GER"]
[SourceTitle "CB48_2023"]
[SourceDate "2023.11.29"]
[SourceVersion "1"]
[SourceVersionDate "2023.11.29"]
[SourceQuality "1"]

1. d4 d5 2. c4 e6 3. Nc3 Nf6 4. cxd5 exd5 5. Bg5 Be7 6. e3 c5 7. dxc5 Nbd7 8. Nf3 0-0 9. Bd3 h6 10. Bf4 a6 11. 0-0 Bxc5 12. Rc1 Ba7 13. Bb1 Nc5 14. Be5 Be6 15. Bxf6 Qxf6 16. Nxd5 Bxd5 17. Qxd5 Rfd8 18. Qe5 Qxe5 19. Nxe5 Re8 20. Nc4 Ne6 21. Nd6 Re7 22. Be4 Rb8 23. Nc8 Re8 24. Nxa7 Ra8 25. Nc6 Nf8 26. Bf3 bxc6 27. Bxc6 Rec8 28. Bxa8 Rxa8 29. Rfd1 Ne6 30. g3 g6 31. h4 g5 32. Rc4 Kg7 33. Kg2 a5 34. b3 Ra7 35. Rd5 Kg6 36. Kf3 f6 37. Rd6 Ng7 38. Rcc6 Rf7 39. hxg5 hxg5 40. Ra6 Nf5 41. Rd2 Nh6 42. g4 Kg7 43. Rxa5 Rc7 44. Rad5 Rc1 45. b4 Rg1 46. R2d4 Kg6 47. b5 Nf7 48. Rb4 Ne5+ 49. Rxe5 fxe5 50. b6 1-0

[Event "Hofheim Spring op-B 7th"]
[Site "Hofheim"]
[Date "2019.04.25"]
[Round "4"]
[White "Strache, Rolf"]
[Black "Schwarz, Matthias1111"]
[Result "0-1"]
[WhiteElo "1571"]
[BlackElo "1733"]
[PlyCount "106"]
[EventDate "2019.04.23"]
[EventType "swiss"]
[EventRounds "9"]
[EventCountry "GER"]
[SourceTitle "CBM 190 Extra"]
[Source "ChessBase"]
[SourceDate "2019.07.15"]
[SourceVersion "1"]
[SourceVersionDate "2019.07.15"]
[SourceQuality "1"]

1. d4 Nf6 2. c4 e6 3. Nc3 Bb4 4. Qc2 d6 5. a3 Bxc3+ 6. Qxc3 Nbd7 7. Nf3 0-0 8. Bg5 Re8 9. e3 e5 10. dxe5 Nxe5 11. Be2 h6 12. Bh4 Bf5 13. 0-0 g5 14. Bg3 Ne4 15. Qc1 Nxg3 16. hxg3 Nxf3+ 17. Bxf3 Rb8 18. Rd1 Qf6 19. Qd2 b6 20. Bd5 Bg4 21. Re1 Rbd8 22. Qd4 Qxd4 23. exd4 Bd7 24. Re3 Rxe3 25. fxe3 Re8 26. Re1 Kg7 27. Bf3 f5 28. Bd1 Kf6 29. Kf2 c5 30. d5 b5 31. b3 bxc4 32. bxc4 Rb8 33. Be2 Rb2 34. Rh1 Kg7 35. Kf3 Ra2 36. Rb1 g4+ 37. Kf2 Bc8 38. Ke1 Rxa3 39. Rb8 Ba6 40. Rd8 Rxe3 41. Kf2 Rc3 42. Rxd6 Bxc4 43. Rd7+ Kf6 44. Bxc4 Rxc4 45. Rxa7 Ke5 46. d6 Kxd6 47. Ra6+ Ke5 48. Rxh6 Rc2+ 49. Kf1 c4 50. Rh8 c3 51. Re8+ Kf6 52. Re1 Rd2 53. Rc1 c2 0-1

[Event "Hessen Cup Goldener Springer"]
[Site "Griesheim"]
[Date "2019.01.19"]
[Round "4"]
[White "Du Maire, Jerome"]
[Black "Strache, Rolf"]
[Result "1-0"]
[WhiteElo "2148"]
[BlackElo "1536"]
[PlyCount "75"]
[EventDate "2019.01.18"]
[EventType "swiss"]
[EventRounds "6"]
[EventCountry "GER"]
[SourceTitle "EXT 2020"]
[Source "ChessBase"]
[SourceDate "2019.10.17"]
[SourceVersion "1"]
[SourceVersionDate "2019.10.17"]
[SourceQuality "1"]

1. d4 d5 2. c4 e6 3. Nf3 Nf6 4. g3 c6 5. Bg2 Bb4+ 6. Bd2 Qa5 7. 0-0 dxc4 8. Ne5 0-0 9. Nxc4 Qb5 10. Qc2 Bxd2 11. Nbxd2 Rd8 12. Nb3 Qb4 13. Rfd1 Qe7 14. e4 Nbd7 15. e5 Nd5 16. Rac1 N7b6 17. Nd6 Rb8 18. Nc5 f6 19. Be4 f5 20. Bg2 Rf8 21. a3 h5 22. Qe2 g6 23. b4 Qg5 24. Nxc8 Rfxc8 25. Nxe6 Qe7 26. Nc5 Rf8 27. b5 Rbe8 28. a4 a5 29. bxa6 bxa6 30. a5 Nd7 31. Qxa6 Nxc5 32. Rxc5 Nb4 33. Qc4+ Nd5 34. Rxc6 Kh8 35. Bxd5 Qg5 36. Bf7 Rxf7 37. Qxf7 Rb8 38. Rxg6 1-0

[Event "Hessen Cup Goldener Springer"]
[Site "Griesheim"]
[Date "2019.01.19"]
[Round "3"]
[White "Strache, Rolf"]
[Black "Eckert, Michael"]
[Result "1-0"]
[WhiteElo "1536"]
[BlackElo "1536"]
[PlyCount "65"]
[EventDate "2019.01.18"]
[EventType "swiss"]
[EventRounds "6"]
[EventCountry "GER"]
[SourceTitle "EXT 2020"]
[Source "ChessBase"]
[SourceDate "2019.10.17"]
[SourceVersion "1"]
[SourceVersionDate "2019.10.17"]
[SourceQuality "1"]

1. d4 d5 2. c4 e6 3. Nc3 Nf6 4. Bg5 Be7 5. e3 0-0 6. Nf3 b6 7. Bd3 Bb7 8. cxd5 exd5 9. 0-0 Nbd7 10. Rc1 Rc8 11. Bb1 c5 12. Re1 Ne4 13. Bxe7 Qxe7 14. Ne2 f5 15. Nf4 Qd6 16. Qe2 Rfe8 17. a3 g6 18. h4 Ndf6 19. Red1 Ng4 20. Nh3 cxd4 21. Rxc8 Rxc8 22. exd4 Re8 23. g3 Re7 24. Re1 h6 25. Qb5 Bc6 26. Qb3 Kg7 27. Rc1 Rc7 28. Qc2 Kf7 29. Ba2 Nxg3 30. fxg3 Qxg3+ 31. Qg2 Qd6 32. b4 Re7 33. Re1 1-0